000 00799cam a22002413a 4500
001 30923
003 PGUSA
005 20140828083653.0
008 100110s2010||||xxu|||||s|||||000 | eng d
040 _aPGUSA
_beng
042 _adc
050 4 _aDC
100 1 _aDaudet, Ernest,
_d1837-1921
245 1 0 _aHistoire de l'Émigration pendant la Révolution Française :
_bTome 2-Du 18 fructidor au 18 brumaire
_h[electronic resource] /
_cErnest Daudet
260 _bProject Gutenberg,
_c2010
506 _aPublic domain in the USA.
516 _aElectronic text
653 _aFrance -- History -- Revolution, 1789-1799 -- Refugees
653 _aFrance -- History -- Revolution, 1789-1799
830 0 _aProject Gutenberg
_v30923
856 4 0 _uhttp://www.gutenberg.org/ebooks/30923
942 _cEB
999 _c260178
_d260178